Методы соединения материалов в применении к главным железнодорожным мастерским; Вестник инженеров; № 12; № 14
| Parent link: | Вестник инженеров.— , 1916 № 12.— 1916.— С. 433-439 № 14.— 1916.— С. 476-484 |
|---|---|
| 1. Verfasser: | |
| Zusammenfassung: | В фонде НТБ ТПУ отсутствует |
| Sprache: | Russisch |
| Veröffentlicht: |
1916
|
| Schlagworte: | |
| Format: | Buchkapitel |
| KOHA link: | https://koha.lib.tpu.ru/cgi-bin/koha/opac-detail.pl?biblionumber=593674 |
MARC
| LEADER | 00000naa0a2200000 4500 | ||
|---|---|---|---|
| 001 | 593674 | ||
| 005 | 20250131104716.0 | ||
| 035 | |a (RuTPU)RU\TPU\tpu\7270 | ||
| 090 | |a 593674 | ||
| 100 | |a 20011210d1916 k||y0rusy50 ca | ||
| 101 | 0 | |a rus | |
| 102 | |a RU | ||
| 200 | 1 | |a Методы соединения материалов в применении к главным железнодорожным мастерским |f И. Н. Бутаков | |
| 333 | |a В фонде НТБ ТПУ отсутствует | ||
| 461 | |t Вестник инженеров |d 1916 | ||
| 463 | |t № 12 |v С. 433-439 |d 1916 | ||
| 463 | |t № 14 |v С. 476-484 |d 1916 | ||
| 610 | 1 | |a транспорт | |
| 610 | 1 | |a труды учёных ТПУ | |
| 700 | 1 | |a Бутаков |b И. Н. |c ученый-теплотехник |c профессор Томского политехнического института |f 1881-1970 |g Иннокентий Николаевич |3 (RuTPU)RU\TPU\pers\18396 | |
| 801 | 0 | |a RU |b 63413507 |c 20011210 |g PSBO | |
| 801 | 2 | |a RU |b 63413507 |c 20230822 |g PSBO | |
| 942 | |c CR | ||